| 000 | 00702nam a2200229 a 4500 | ||
|---|---|---|---|
| 001 | 14053 | ||
| 003 | BD-JhCC | ||
| 005 | 20240529090249.0 | ||
| 008 | 180809s20212023bg a|||| |||| 000 0 b d | ||
| 020 | _a9789849583929 | ||
| 035 | _a(BD-JhCC)14053 | ||
| 040 |
_aBD-JhCC _dBD-JhCC |
||
| 041 | _aBangali | ||
| 082 |
_a355 _bHOS 2023 |
||
| 100 | _aহোসেন , রাজীব | ||
| 245 |
_aদ্য ইম্ব্যালান্সড বাফেলো / _cরাজীব হোসেন । |
||
| 260 |
_aঢাকা : _bনালন্দা; _c2023. |
||
| 300 |
_a158 p. : _bill. ; _c22 cm. |
||
| 650 | _aProfessional memories and experiences. | ||
| 942 |
_2ddc _cBK _02 |
||
| 999 |
_c14053 _d14053 |
||